Christmas Carol Lyrics Vocabulary Quiz Stats

 Plays Quiz Updated Dec 1, 2016

Support Sporcle.
Go Orange.
Score 0/25 Timer 06:00
2 Plays Today
% Correct
lasses
92.9%
lads
91.9%
yuletide
90.8%
Alleluia
89.7%
don
89.5%
yule log
89.4%
behold
89.3%
boughs
88.9%
heedless
88.2%
dayspring
86.3%
abide
86.3%
bards
86%
yon
85.7%
% Correct
anthems
85.4%
myrrh
85.3%
tidings
84.7%
lowing
84.5%
jubilee
84.4%
verdant
83.6%
tail
82.1%
clime
81.9%
nigh
81.7%
accord
81.6%
wassail
78.4%
bustle
78%

You're not logged in!

Compare scores with friends on all Sporcle quizzes.
OR
Log In

From the Vault

Words on US Coins

by lukebradford

If you're in the coin business it doesn't seem like 'change' should be so difficult.
Remove Ads.
Support Sporcle.
Get the best of Sporcle when you Go Orange. This ad-free experience offers more features, more stats, and more fun while also helping to support Sporcle. Thank you for becoming a member.

Show Comments

Extras

Top Quizzes Today


Score Distribution

Your Account Isn't Verified!

In order to create a playlist on Sporcle, you need to verify the email address you used during registration. Go to your Sporcle Settings to finish the process.

Report this User

Report this user for behavior that violates our Community Guidelines.

Details: